Skoki narciarskie- zgadnij skoczka/trenera po zdjęciu - Statystyki

Ogólne statystyki
  • Ten quiz został rozwiązany 270 razy
  • Średni wynik to 11 z 16
Statystyki odpowiedzi
Obrazkowy Odpowiedź % Poprawnych
Noriaki Kasai
96%
Aleksander Zniszczoł
94%
Gregor Deschwanden
83%
Michal Doležal
78%
Władimir Zografski
77%
Lovro Kos
75%
Constantin Schmid
72%
Fatih Arda İpcioğlu
69%
Łukasz Kruczek
69%
Jewgienij Klimow
68%
Roman Koudelka
67%
Mackenzie Boyd-Clowes
66%
Andreas Widhölzl
49%
Eddie Edwards
45%
Sven Hannawald
40%
Mika Kojonkoski
39%
Nie znaleziono quizów pasujących do podanych kryteriów
Rozkład punktacji
Procent ludzi z każdym wynikiem
Percentyl według liczby udzielonych odpowiedzi
Twoja historia wyników
Nie rozwiązałeś tego quizu